Ekonómia v 31 hodinách

Salvato in:
Dettagli Bibliografici
Autore principale: Šilènas, Žilvinas
Altri autori: Vyšniauskaitė, Marija, Trličová, Júlia, Vacková, Bibiana
Natura: Libro
Lingua:slovacco
Pubblicazione: Bratislava EXPOL pedagogika 2019
Edizione:1. vydanie
Soggetti:
Tags: Aggiungi Tag
Nessun Tag, puoi essere il primo ad aggiungerne!!

MARC

LEADER 00000nam a2200000 4500
001 0259688
005 20240221114022.9
020 |a 978-80-8091-532-2 
041 0 |a slo 
044 |a SK 
245 1 0 |a Ekonómia v 31 hodinách  |c Žilvinas Šilènas, Marija Vyšniauskaitė ; preklad: Júlia Trličová, Bibiana Vacková 
250 |a 1. vydanie 
264 1 |a Bratislava  |b EXPOL pedagogika  |c 2019 
300 |a 127 s. 
610 2 0 |a ekonómia 
610 2 0 |a veda ekonomická 
610 2 0 |a bohatstvo 
610 2 0 |a chudoba 
610 2 0 |a peniaze 
610 2 0 |a príjmy 
610 2 0 |a mzdy 
610 2 0 |a rozpočty 
610 2 0 |a dane 
610 2 0 |a podnikanie 
610 2 0 |a vláda 
610 2 0 |a spoločnosť 
610 2 0 |a inflácia 
610 2 0 |a obchod medzinárodný 
610 2 0 |a kurz výmenný 
100 1 |a Šilènas, Žilvinas 
700 1 |a Vyšniauskaitė, Marija 
700 1 |a Trličová, Júlia 
700 1 |a Vacková, Bibiana